000 01197naa a22003017a 4500
001 BR9001312
003 BR-BrBNA
005 20240918180624.0
007 ta
008 230509b bl.||||| |||| 00| 0 por d
040 _aBR-BrBNA
_bpor
_cBiblioteca Nacional de Agricultura
041 _a(Pt)
072 _aK10
_b3575
_b3000
_bG514
090 _aK10 BR9001312
100 1 _aJesus, R.M. de
100 1 _aRodrigues, F.C.M.P.
111 1 _a1. Simposio Brasileiro sobre Tecnologia de Sementes Florestais
_cBelo Horizonte, MG (Brazil)
_d4-6 Dez 1984
245 1 _aPrograma de producao e tecnologia de sementes de especies florestais nativas desenvolvido pela Florestas Rio Doce S/A
260 3 _aBrasilia, DF (Brasil):
_c1984.
500 _a1. Simposio Brasileiro sobre Tecnologia de Sementes Florestais. Anais Brasilia, DF (Brasil): 1984. p. 59-83 (BR9001312-AM)K10
650 _aSEMENTE
650 _aARVORE FLORESTAL
650 _aPROJETO DE PESQUISA
650 _aESPIRITO SANTO
773 0 _t1. Simposio Brasileiro sobre Tecnologia de Sementes Florestais. Anais
_wK10 BR9001312
_gBrasilia, DF (Brasil), 1984. p. 59-83
909 _a202404
_bLucia
_c55
_dLucia Elande
942 _cAM
_2AGRIS
999 _c321359
_d321359